K problému vzťahu hodnotenia a poznania v environmentálnom myslení

Význam vzťahu hodnotenia a poznania v environmentálnom myslení. Premietanie sa vedeckých poznatkov do hodnotových štruktúr, mechanizmy tvorby a akceptácie hodnôt. Procesy oddeľovania faktov od hodnôt a odlíšenia poznania od hodnotenia, ich súčasná podoba v novovekej kultúre. Vplyv týchto procesov na...

Ausführliche Beschreibung

Gespeichert in:
Bibliographische Detailangaben
1. Verfasser: Smolková, Eva
Format: Buchkapitel
Sprache:Slowakisch
Schlagworte:
Tags: Tag hinzufügen
Keine Tags, Fügen Sie das erste Tag hinzu!

MARC

LEADER 00000naa a2200000 4500
001 r039385
005 20230925103240.6
041 0 |a slo 
044 |a SK 
245 1 0 |a K problému vzťahu hodnotenia a poznania v environmentálnom myslení  |c Eva Smolková 
520 |a Význam vzťahu hodnotenia a poznania v environmentálnom myslení. Premietanie sa vedeckých poznatkov do hodnotových štruktúr, mechanizmy tvorby a akceptácie hodnôt. Procesy oddeľovania faktov od hodnôt a odlíšenia poznania od hodnotenia, ich súčasná podoba v novovekej kultúre. Vplyv týchto procesov na tvorbu a akceptáciu environmentálnych hodnôt. 
610 2 0 |a hodnota 
610 2 0 |a environmentalistika 
610 2 0 |a filozofia 
610 2 0 |a metódy poznania 
100 1 |a Smolková, Eva